[Event "24th Politiken Cup"]
[Site "Copenhagen DEN"]
[Date "2002.07.23"]
[Round "8"]
[White "Schandorff,L"]
[Black "Peralta,F"]
[Result "1/2-1/2"]
[WhiteElo "2547"]
[BlackElo "2478"]

1.Nf3 d5 2.d4 Nf6 3.c4 c6 4.Nc3 dxc4 5.a4 Bf5 6.Ne5 Nbd7 7.Nxc4 Nb6 8.Ne5 a5
9.g3 e6 10.Bg2 Bb4 11.O-O O-O 12.Bg5 h6 13.Bxf6 Qxf6 14.e3 Rad8 15.Na2 Qe7
16.Qb3 c5 17.Nxb4 axb4 18.a5 Nd7 19.Nxd7 Rxd7 20.dxc5 Qxc5 21.Rfc1 Qb5 22.Rc4 Rd2
23.Rxb4 Qe2 24.Rf1 Rc8 25.Rd4 Rxb2 26.Qd1 Qb5  1/2-1/2

[Event "25th Open"]
[Site "Ghent BEL"]
[Date "2002.07.23"]
[Round "8"]
[White "Kohlweyer,B"]
[Black "Rudolph,H"]
[Result "1/2-1/2"]
[WhiteElo "2452"]
[BlackElo "2151"]

1.d4 d5 2.c4 c6 3.Nf3 Nf6 4.Nc3 dxc4 5.a4 Bf5 6.Nh4 Bc8 7.e3 c5 8.Bxc4 e6
9.O-O Nc6 10.Nf3 Be7 11.Qe2 cxd4 12.exd4 O-O 13.Rd1 Nb4 14.Bg5 Nbd5 15.Ne5 Nxc3
16.bxc3 Nd5 17.Bd2 Bg5 18.Bd3 Bxd2 19.Qxd2 Nf6 20.Be2 Nd7 21.Ng4 Nf6 22.Ne3 Qc7
23.Bf3 Rd8 24.Qb2 Nd5 25.Qb3 Nxe3 26.fxe3 Rb8 27.a5  1/2-1/2

[Event "KB Czech Open"]
[Site "Pardubice CZE"]
[Date "2002.07.23"]
[Round "5"]
[White "Michenka,J"]
[Black "Meduna,E"]
[Result "1/2-1/2"]
[WhiteElo "2334"]
[BlackElo "2472"]

1.d4 d5 2.c4 c6 3.Nf3 Nf6 4.Nc3 dxc4 5.a4 Bf5 6.e3 e6 7.Bxc4 Bb4 8.O-O O-O
9.Qe2 Bg4 10.Rd1 Nbd7 11.h3 Bxf3  1/2-1/2

[Event "KB Czech Open"]
[Site "Pardubice CZE"]
[Date "2002.07.24"]
[Round "6"]
[White "Zilberman,Y"]
[Black "Farakhov,R"]
[Result "1-0"]
[WhiteElo "2443"]
[BlackElo "2317"]

1.d4 d5 2.Nf3 Nf6 3.c4 c6 4.Nc3 dxc4 5.a4 Bf5 6.e3 e6 7.Bxc4 Bb4 8.O-O O-O
9.Qe2 Nbd7 10.Rd1 Bg6 11.Bd2 Qe7 12.Na2 Bxd2 13.Qxd2 e5 14.Nc3 Rad8 15.a5 exd4
16.Qxd4 Nb6 17.Qh4 Nxc4 18.Qxc4 a6 19.h3 Bh5 20.Rxd8 Rxd8 21.Nd4 Nd7 22.b4 h6
23.Na4 Qf6 24.Nc5 Ne5 25.Qc3 g5 26.Ne4 Qe7 27.Nf5 Qe6 28.Nxh6+ Kg7 29.Nxg5 Qf6
30.Ne4 Nf3+ 31.gxf3 Qxc3 32.Nf5+ Kg6 33.Nh4+ Kh6 34.Nxc3 Kg5 35.Ng2 Bxf3
36.Ne1  1-0

[Event "KB Czech Open"]
[Site "Pardubice CZE"]
[Date "2002.07.24"]
[Round "6"]
[White "Teske,H"]
[Black "Arutunian,D"]
[Result "0-1"]
[WhiteElo "2529"]
[BlackElo "2420"]

1.d4 d5 2.Nf3 Nf6 3.c4 c6 4.Nc3 dxc4 5.a4 Bf5 6.Ne5 Nbd7 7.Nxc4 Qc7 8.g3 e5
9.dxe5 Nxe5 10.Bf4 Nfd7 11.Bg2 f6 12.O-O Nc5 13.e4 Bg6 14.Qe2 Be7 15.Bxe5 fxe5
16.f4 exf4 17.gxf4 O-O-O 18.Ne5 Kb8 19.Nxg6 hxg6 20.e5 Rh4 21.Rad1 Rdh8 22.h3 Ne6
23.Qc4 Qc8 24.Ne2 Ng5 25.Kf2 Nxh3+ 26.Bxh3 Qxh3 27.Rh1 Qg4 28.Rxh4 Bxh4+
29.Ke3 g5 30.Rg1 Qh3+ 31.Ke4 g6 32.Qd4 Qf5+ 33.Kf3 g4+ 34.Kg2 Qc2 35.Qe3 Rd8
36.Rc1 Qxb2 37.Rc4 Rd2 38.Re4 Qc2 39.e6 Rd3 40.e7 Bxe7 41.Qc1 Rg3+ 42.Kxg3 Qxe4
43.Ng1 Bd6 44.Qd2 Be7 45.Kxg4 Qf5+ 46.Kf3 g5  0-1

[Event "24th Politiken Cup"]
[Site "Copenhagen DEN"]
[Date "2002.07.25"]
[Round "10"]
[White "Schandorff,L"]
[Black "Pert,N"]
[Result "1-0"]
[WhiteElo "2547"]
[BlackElo "2460"]

1.Nf3 d5 2.d4 Nf6 3.c4 c6 4.Nc3 dxc4 5.a4 Bf5 6.Ne5 Nbd7 7.Nxc4 Nb6 8.Ne5 a5
9.g3 g6 10.Bg2 Bg7 11.O-O O-O 12.e4 Be6 13.Be3 Nc4 14.Nxc4 Bxc4 15.Re1 Qd7
16.h3 Rfd8 17.Qc2 Qe6 18.f4 Ne8 19.Qf2 f5 20.d5 cxd5 21.exd5 Qf7 22.Bd4 Nf6
23.Rad1 Bf8 24.Re5 Rd7 25.Bc5 Rad8 26.Bb6 Ra8 27.Kh2 Bg7 28.Qc5 Rd6 29.Bc7 Bb3
30.Rde1 Bf8 31.Rxe7 Bxe7 32.Bxd6 Bd8 33.Qb5 Bc2 34.Re2 Be4 35.Nxe4 fxe4 36.Bxe4 Nxe4
37.Rxe4 Bf6 38.Be5 Bxe5 39.Rxe5 Rc8 40.Qd3 Qd7 41.b3 Qd6 42.h4 Kf7 43.h5 Qc5
44.Re2 Rd8 45.Rc2 Rxd5 46.hxg6+ hxg6 47.Rxc5 Rxd3 48.Rc7+ Kf6 49.Rxb7 g5
50.fxg5+ Kxg5 51.Kh3 Kh5 52.Rb5+ Kg6 53.Kg4 Kf6 54.Kf4 Rd4+ 55.Ke3 Rg4 56.Kf2 Rd4
57.Rxa5 Rd2+ 58.Ke3 Rc2 59.Rb5  1-0

[Event "24th Politiken Cup"]
[Site "Copenhagen DEN"]
[Date "2002.07.25"]
[Round "10"]
[White "Hillarp Persson,T"]
[Black "Hector,J"]
[Result "1/2-1/2"]
[WhiteElo "2461"]
[BlackElo "2562"]

1.d4 d5 2.c4 c6 3.Nf3 Nf6 4.Nc3 dxc4 5.a4 Bf5 6.Ne5 Nbd7 7.Nxc4 Qc7 8.Bg5 e5
9.Bxf6 gxf6 10.e3 exd4 11.exd4 Rg8 12.Qf3 Be6 13.h3 O-O-O 14.a5 Bb4 15.Ne3 f5
16.a6 f4 17.axb7+ Kb8 18.Nc2 Bxc3+ 19.Qxc3 c5 20.Be2 Bd5 21.Bf3 Rge8+ 22.Kf1 Bxf3
23.gxf3 cxd4 24.Nxd4 Ne5 25.Rg1 Qd7 26.Rc1 Kxb7 27.Qb3+ Ka8 28.Nb5 Rc8 29.Rxc8+ Rxc8
30.Rg5 f6 31.Rg8 Rxg8 32.Qxg8+ Kb7 33.Qb3 Qxh3+ 34.Ke2 Qd7 35.Nd4+ Kc8 36.Ne6 Qd6
37.Nxf4 Qa6+ 38.Kd2 Qa5+ 39.Ke3 Qc5+ 40.Ke4 f5+ 41.Kxf5 Nxf3+ 42.Kg4 Ne5+
43.Kg3 Nc4 44.Qc3 Kb7 45.b3 Nd6 46.Qg7+ Qc7 47.Qe5 a5 48.Kg4 Qd7+ 49.Ne6 Nf7
50.Qe4+ Kb6 51.Qe3+ Kb5 52.Kg3 Qd6+ 53.f4 Kb4 54.Nd4 Qc5 55.Kh4 Nd6 56.Qe1+ Ka3
57.Qa1+ Kb4 58.Qe1+ Ka3 59.Qa1+  1/2-1/2

[Event "ch-TUR"]
[Site "Ankara TUR"]
[Date "2002.07.27"]
[Round "6"]
[White "Yeke,S"]
[Black "Soylu,S"]
[Result "1-0"]
[WhiteElo "2258"]
[BlackElo "2384"]

1.Nf3 Nf6 2.c4 c6 3.d4 d5 4.Nc3 dxc4 5.a4 Bf5 6.Ne5 Nbd7 7.Nxc4 Qc7 8.g3 e5
9.dxe5 Nxe5 10.Bf4 Nfd7 11.Bg2 f6 12.O-O Nc5 13.Ne3 Bg6 14.b4 Ne6 15.Qb3 Bf7
16.Qb2 Nxf4 17.gxf4 Ng6 18.b5 Qxf4 19.Rad1 Rc8 20.bxc6 bxc6 21.Ncd5 Qe5 22.Qb7 Be6
23.Nc4 Qg5 24.Nc7+ Rxc7 25.Qxc7 Bd5 26.e4 Bc5 27.exd5  1-0

[Event "ch-TUR"]
[Site "Ankara TUR"]
[Date "2002.07.27"]
[Round "6"]
[White "Ataman,A"]
[Black "Atakisi,U"]
[Result "1/2-1/2"]
[WhiteElo "2156"]
[BlackElo "2361"]

1.d4 d5 2.c4 c6 3.Nf3 Nf6 4.Nc3 dxc4 5.a4 Bf5 6.e3 e6 7.Bxc4 Bb4 8.O-O O-O
9.Qe2 Bg6 10.Ne5 Nbd7 11.Nxg6 hxg6 12.Rd1 Qa5 13.Bd2 e5 14.d5 Rad8 15.dxc6 bxc6
16.e4 Nc5 17.f3 Rd4 18.Be3 Rxd1+ 19.Nxd1 Nfd7 20.Qc2 Rd8 21.Nf2 Nf8 22.Ng4  1/2-1/2

[Event "V Open"]
[Site "Banyoles ESP"]
[Date "2002.08.05"]
[Round "3"]
[White "Mirzoev,A"]
[Black "Kovarcik,Gu"]
[Result "1-0"]
[WhiteElo "2498"]
[BlackElo "2185"]

1.d4 d5 2.Nf3 c6 3.c4 Nf6 4.Nc3 dxc4 5.a4 Bf5 6.e3 e6 7.Bxc4 Bb4 8.O-O O-O
9.Qe2 Bg6 10.Ne5 Nbd7 11.Nxg6 hxg6 12.Rd1 Qa5 13.Bd2 Rfd8 14.Be1 Qh5 15.h3 Qxe2
16.Bxe2 a5 17.Bf3 Nb6 18.Kf1 Rd7 19.Rdc1 Re7 20.b3 Rd8 21.Rd1 Rde8 22.Rac1 e5
23.Nb1 Bxe1 24.Kxe1 e4 25.Be2 Nfd5 26.Rc5 Ra8 27.Na3 Nd7 28.Rcc1 N7b6 29.Kd2 Kf8
30.Bc4 Nxc4+ 31.bxc4 Nb4 32.c5 Rae8 33.h4 Rd7 34.Rh1 Rd5 35.g4 Ke7 36.Nc4 Rdd8
37.g5 Rh8 38.Rcg1 Rde8 39.Rg4  1-0

[Event "TUR-GEO Chess Summit"]
[Site "Ankara TUR"]
[Date "2002.08.06"]
[Round "3"]
[White "Iashvili,A"]
[Black "Haznedaroglu,K"]
[Result "0-1"]
[WhiteElo "2380"]
[BlackElo "2370"]

1.d4 d5 2.c4 c6 3.Nf3 Nf6 4.Nc3 dxc4 5.a4 Bf5 6.Ne5 Nbd7 7.Nxc4 Qc7 8.g3 e5
9.dxe5 Nxe5 10.Bf4 Nfd7 11.Bg2 f6 12.O-O Nc5 13.e4 Bg6 14.Bxe5 fxe5 15.f4 exf4
16.gxf4 Be7 17.Ne5 Nd7 18.Nxg6 hxg6 19.Qg4 O-O-O 20.e5 g5 21.a5 gxf4 22.a6 Kb8
23.axb7 Nxe5 24.Qxf4 Bc5+ 25.Kh1 g5 26.Qg3 Rd3  0-1

[Event "6th HZ Open"]
[Site "Vlissingen NED"]
[Date "2002.08.10"]
[Round "8"]
[White "Rosmuller,A"]
[Black "Van Beek,A"]
[Result "0-1"]
[WhiteElo "2138"]
[BlackElo "2259"]

1.d4 d5 2.c4 c6 3.Nf3 Nf6 4.Nc3 dxc4 5.a4 Bf5 6.e3 e6 7.Bxc4 Bb4 8.O-O O-O
9.Nh4 Bg4 10.f3 Bh5 11.g4 Bg6 12.Nxg6 hxg6 13.Qc2 Nbd7 14.Rd1 Qa5 15.e4 e5
16.Kg2 exd4 17.Rxd4 Ne5 18.Be2 g5 19.h4 gxh4 20.g5 Nh7 21.f4 Ng6 22.f5 Ne5
23.Bf4 Be7 24.Qd2 Qc7 25.Rh1 Rad8 26.Rxh4 Bxg5 27.Bxg5 Rxd4 28.Qxd4 Nxg5
29.Qg1 f6 30.Qh2 Kf7 31.Rg4 Qd6 32.Rg3 Qd2 33.Kh1 Ke7 34.Rg1 Qe3 35.Qh4 Nef7
36.Rg3 Qf2 37.e5 Rh8  0-1

[Event "V Open"]
[Site "Banyoles ESP"]
[Date "2002.08.11"]
[Round "9"]
[White "Mirzoev,A"]
[Black "Sermier,G"]
[Result "1-0"]
[WhiteElo "2498"]
[BlackElo "2386"]

1.d4 d5 2.c4 c6 3.Nc3 Nf6 4.Nf3 dxc4 5.a4 Bf5 6.e3 e6 7.Bxc4 Bb4 8.O-O O-O
9.Nh4 Bg6 10.Nxg6 hxg6 11.Qb3 Qb6 12.Bd2 Nbd7 13.Rfd1 Qa5 14.h3 Nb6 15.Be2 Rfd8
16.Bf3 Rd7 17.Be1 Rad8 18.Rdc1 Nc8 19.g3 Ne7 20.Bg2 Nf5 21.Rd1 Ne7 22.Rac1 Nf5
23.Ne2 Bxe1 24.Rxe1 e5 25.Qc3 Qxa4 26.Ra1 Qb5 27.dxe5 Nd5 28.Qa3 Nb4 29.Nc3 Qc5
30.e6 fxe6 31.Qxa7 Qe7 32.Re2 Nd3 33.Ne4 Nd6 34.Rd2 Nxe4 35.Bxe4 Ne5 36.Rxd7 Qxd7
37.Qc5 Qd6 38.Qxd6 Rxd6 39.Ra7 Rd7 40.h4 Kf7 41.Kg2 Rc7 42.b3 Nd7 43.Kf3 Nb6
44.Ra5 Nd5 45.Ra8 Ne7 46.Kf4 Rc8 47.Ra7 Rc7 48.Kg5 Rd7 49.Ra8 Rd2 50.Rb8 Rd7
51.g4 Rc7 52.Rd8 b5 53.Rb8 Rd7 54.Rb6 Rd2 55.Rb7  1-0

[Event "ADCF Masters"]
[Site "Abu Dhabi UAE"]
[Date "2002.08.15"]
[Round "5"]
[White "Gleizerov,E"]
[Black "Tissir,M"]
[Result "1/2-1/2"]
[WhiteElo "2576"]
[BlackElo "2376"]

1.d4 d5 2.c4 c6 3.Nf3 Nf6 4.Nc3 dxc4 5.a4 Bf5 6.e3 e6 7.Bxc4 Bb4 8.O-O O-O
9.Nh4 Bg4 10.f3 Bh5 11.g4 Nd5 12.Ng2 Bg6 13.Qb3 Qb6 14.Na2 Bd6 15.Bd2 Qc7
16.Kh1 Nd7 17.Rac1 Qb6 18.a5 Qxb3 19.Bxb3 Bd3 20.Rfe1 Rfc8 21.e4 Nc7 22.Bb4 Bf8
23.Bxf8 Kxf8 24.h4 Bb5 25.Ne3 c5 26.d5 Ne5 27.dxe6 Nxe6  1/2-1/2

[Event "ADCF Masters"]
[Site "Abu Dhabi UAE"]
[Date "2002.08.15"]
[Round "5"]
[White "Dobrov,V"]
[Black "Coleman,J"]
[Result "1-0"]
[WhiteElo "2443"]
[BlackElo "2123"]

1.d4 d5 2.c4 c6 3.Nc3 dxc4 4.Nf3 Nf6 5.a4 Bf5 6.Nh4 e6 7.Nxf5 exf5 8.Bg5 Nbd7
9.e3 Bb4 10.Bxc4 O-O 11.O-O Qa5 12.Qb3 Ne4 13.Nxe4 fxe4 14.Bf4 Nb6 15.Bc7 Rac8
16.Bxb6 Qxb6 17.Qc2 Rce8 18.f3 exf3 19.Rxf3 Qc7 20.Raf1 Re7 21.Qf5 Bd6 22.Qh5 g6
23.Qh6  1-0

[Event "11th Open"]
[Site "Kavala GRE"]
[Date "2002.08.15"]
[Round "7"]
[White "Janssen,R"]
[Black "De Vreugt,D"]
[Result "1/2-1/2"]
[WhiteElo "2468"]
[BlackElo "2477"]

1.d4 Nf6 2.Nf3 d5 3.c4 c6 4.Nc3 dxc4 5.a4 Bf5 6.Ne5 Nbd7 7.Nxc4 Qc7 8.g3 e5
9.dxe5 Nxe5 10.Bf4 Nfd7 11.Bg2 g5 12.Nxe5 gxf4 13.Nxd7 O-O-O 14.Qd4 Qxd7
15.Qxf4 Bd6 16.Qc4 Be6 17.Qd4 Bb8 18.Qxd7+ Rxd7 19.Be4 h5 20.h4 f5 21.Bc2 f4
22.gxf4 Bxf4 23.e3 Be5 24.Rd1 Rg7 25.f4 Bxc3+ 26.bxc3 Bd5 27.Rh2 Rg3 28.e4 Re8
29.Rd4 Rxc3 30.Kd2 Rc4 31.Rxc4 Bxc4 32.Rg2 Kd7 33.Rg5 Bf7 34.e5 b5 35.Rg7 Re7
36.f5 Ke8 37.e6 Bxe6 38.Rxe7+ Kxe7 39.fxe6 bxa4 40.Bxa4  1/2-1/2

[Event "ch-AUT"]
[Site "Oberpullendorf AUT"]
[Date "2002.08.16"]
[Round "7"]
[White "Karner,C"]
[Black "Baumegger,S"]
[Result "1-0"]
[WhiteElo "2301"]
[BlackElo "2364"]

1.d4 Nf6 2.c4 c6 3.Nc3 d5 4.Nf3 dxc4 5.a4 Bf5 6.e3 e6 7.Bxc4 Bb4 8.O-O Nbd7
9.Nh4 Bg4 10.f3 Bh5 11.g4 Nd5 12.Qe1 Be7 13.Ng2 Bg6 14.e4 Nb4 15.Qd1 h5 16.Nf4 Nf8
17.Nxg6 Nxg6 18.gxh5 Nh4 19.Be3 Qa5 20.f4 Qxh5 21.Qxh5 Rxh5 22.Rac1 a6 23.Ne2 Rh7
24.Ng3 g6 25.a5 Bd8 26.f5 gxf5 27.exf5 Nd5 28.Bd2 Bf6 29.Bc3 Bg5 30.Rce1 O-O-O
31.fxe6 fxe6 32.Ne4 Rg8 33.Kh1 Bf4 34.Bxd5 Nf3 35.Bxe6+ Kb8 36.Re2 Rgh8 37.Rxf3 Bxh2
38.Rh3  1-0

[Event "13th Summer Open"]
[Site "Recklinghausen GER"]
[Date "2002.08.20"]
[Round "4"]
[White "Siepmann,M"]
[Black "Reinhold,K"]
[Result "1/2-1/2"]
[WhiteElo "2046"]
[BlackElo "2161"]

1.d4 d5 2.Nf3 Nf6 3.c4 c6 4.Nc3 dxc4 5.a4 Bf5 6.e3 e6 7.Bxc4 Bb4 8.O-O O-O
9.Qe2 Bg6 10.Na2 Bd6 11.Rd1 Qe7 12.Bd3 Bxd3 13.Qxd3 Nbd7 14.e4 e5 15.Bg5 Qe6
16.Nc3 Rfe8 17.Rac1 Bf8 18.d5 cxd5 19.Bxf6 Nxf6 20.Nxd5 Nxd5 21.Qxd5 Qxd5
22.Rxd5 Rac8 23.Rxc8 Rxc8 24.h3 f6 25.Rd7 Rc4 26.Rxb7 Rxa4 27.b3 Rb4  1/2-1/2

[Event "Saraybahce GP"]
[Site "Kocaeli TUR"]
[Date "2002.08.23"]
[Round "7"]
[White "Guliev,S"]
[Black "Soylu,S"]
[Result "1-0"]
[WhiteElo "2481"]
[BlackElo "2384"]

1.d4 d5 2.c4 c6 3.Nf3 Nf6 4.Nc3 dxc4 5.a4 Bf5 6.e3 e6 7.Bxc4 Bb4 8.O-O Nbd7
9.Qe2 O-O 10.Ne5 h6 11.Rd1 Bh7 12.Nd3 a5 13.f3 Re8 14.e4 Bf8 15.Qf2 Rc8 16.Be3 Qc7
17.Bf4 Qb6 18.Rac1 Qa7 19.Kh1 Be7 20.Be3 Qb8 21.Rb1 Bd8 22.g4 Bb6 23.Rg1 Nd5
24.Bd2 Nb4 25.Nxb4 axb4 26.Ne2 Qa7 27.g5 h5 28.Ra1 Ne5 29.Bb3 Ng4 30.fxg4 Bxe4+
31.Rg2 h4 32.Rf1 Rc7 33.Qe3 Bxg2+ 34.Kxg2 g6 35.Bxb4 c5 36.dxc5 Bxc5 37.Qe5 b6
38.Bc3  1-0

[Event "ch-RUS"]
[Site "Krasnodar RUS"]
[Date "2002.08.29"]
[Round "3"]
[White "Popov,Val"]
[Black "Hasangatin,R"]
[Result "1/2-1/2"]
[WhiteElo "2579"]
[BlackElo "2517"]

1.d4 d5 2.c4 c6 3.Nf3 Nf6 4.Nc3 dxc4 5.a4 Bf5 6.Ne5 Nbd7 7.Nxc4 Nb6 8.Ne5 a5
9.f3 Nfd7 10.Nxd7 Nxd7 11.e4 Bg6 12.Be3 Qb6 13.Qd2 e6 14.Rd1 Rb8 15.Be2 Qb4
16.O-O Be7 17.Bf4 f6 18.Qc2 O-O 19.Na2 Qb6 20.Bc4 Bf7 21.Rd3 Kh8 22.Kh1 Qc7
23.Nc3 f5 24.e5 Nb6 25.Bb3 Qd7 26.Nd1  1/2-1/2

[Event "Hot Summer IM"]
[Site "Tel Aviv ISR"]
[Date "2002.08.31"]
[Round "10"]
[White "Dub,Z"]
[Black "Shabtai,R"]
[Result "1-0"]
[WhiteElo "2293"]
[BlackElo "2271"]

1.d4 d5 2.c4 c6 3.Nf3 Nf6 4.Nc3 dxc4 5.a4 Bf5 6.Ne5 Nbd7 7.Nxc4 Nb6 8.Ne5 e6
9.f3 Nfd7 10.a5 Nxe5 11.axb6 Nd7 12.e4 Bg6 13.Rxa7 Rxa7 14.bxa7 Qa8 15.Qa4 Nb6
16.Qa5 Nc8 17.Be3 Qxa7 18.Qxa7 Nxa7 19.d5 Nc8 20.dxc6 bxc6 21.Bd3 Bb4 22.Ke2 O-O
23.Rc1 Ne7 24.Na2 Bd6 25.Bc5 Rd8 26.Bxd6 Rxd6 27.Nb4 Kf8 28.Ra1 Rd8 29.Na6 f5
30.Nc5 Bf7 31.Bc4 fxe4 32.fxe4 Ng6 33.Ke3 Ne5 34.Bxe6 Kg8 35.Ra7 g6 36.Kf4 Nd3+
37.Nxd3 Bxe6 38.Nc5 Bc4 39.Ke5 Rd2 40.b3 Bf7 41.g4 Rxh2 42.Kd6 Rg2 43.e5 Rxg4
44.e6 Bxe6 45.Kxe6 Rg3 46.Kd6 h5 47.Kxc6 Rg4 48.Nd7 Rb4 49.Nf6+ Kf8 50.Nh7+ Kg8
51.Nf6+ Kf8 52.Rb7 Rd4 53.Kc5 Rd1 54.b4 Rf1 55.Nd5 h4 56.b5 g5 57.Rh7 Rh1
58.b6 g4 59.b7  1-0

[Event "GP"]
[Site "Izmir TUR"]
[Date "2002.09.01"]
[Round "5"]
[White "Bagaturov,G"]
[Black "Akcan,U"]
[Result "1-0"]
[WhiteElo "2437"]
[BlackElo "2183"]

1.d4 d5 2.c4 c6 3.Nf3 Nf6 4.Nc3 dxc4 5.a4 Bf5 6.e3 Na6 7.Bxc4 Nb4 8.O-O e6
9.Qe2 Be7 10.Ne5 O-O 11.e4 Bg6 12.Nxg6 hxg6 13.Be3 Qa5 14.Kh1 Qh5 15.f3 Nd7
16.a5 b5 17.axb6 axb6 18.g4 Qh4 19.Rad1 c5 20.f4 Nf6 21.Rg1 Rfd8 22.Bf2 Qh3
23.Rg3 Qh4 24.Qf3 cxd4 25.Nb5 Bc5 26.g5 Qh5 27.gxf6 Qxf3+ 28.Rxf3 gxf6 29.Bh4 Kg7
30.e5 Be7 31.Rxd4 Rxd4 32.Nxd4 Ra1+ 33.Kg2 Rd1 34.Nb5 g5 35.exf6+ Bxf6 36.Bxg5 Bxb2
37.f5 Nd5 38.Bb3 Re1 39.Kf2 Rh1 40.Kg2 Re1 41.fxe6 fxe6 42.Kf2 Rh1 43.h3 Be5
44.Ke2 Rg1 45.Bd2 Kg6 46.Kd3 Rg2 47.Bc2 Kh5 48.Bb3 Kh4 49.Nd4 Bxd4 50.Be1+ Kg5
51.Bxd5 e5 52.Rf8 Rh2 53.Rg8+ Kf6 54.Bh4+ Kf5 55.Rg5+ Kf4 56.Be6  1-0

[Event "GP"]
[Site "Izmir TUR"]
[Date "2002.09.01"]
[Round "5"]
[White "Ozturkeri,I"]
[Black "Shanava,K"]
[Result "0-1"]
[WhiteElo "2060"]
[BlackElo "2401"]

1.d4 d5 2.c4 c6 3.Nf3 Nf6 4.Nc3 dxc4 5.a4 Bf5 6.Ne5 Nbd7 7.Nxc4 Nb6 8.Ne5 g5
9.f3 Nfd7 10.Nxd7 Nxd7 11.e4 Bg6 12.Be2 Qb6 13.Rb1 Rd8 14.Be3 e5 15.Qd3 exd4
16.Bxd4 Bc5 17.Bxc5 Nxc5 18.Qc2 f6 19.Bc4 Bf7 20.Bxf7+ Kxf7 21.O-O Rd2 22.Qxd2 Nxe4+
23.Qf2 Nxf2 24.Rxf2 Rd8 25.Kf1 Qb4 26.Re2 Qf4 27.Kg1 Rd2 28.Rbe1 Rxe2 29.Rxe2 f5
30.h3 h5 31.Kf2 h4 32.Re3 Qd4 33.Ke2 Qb4 34.Re5 Kf6  0-1

[Event "ch-RUS"]
[Site "Krasnodar RUS"]
[Date "2002.09.01"]
[Round "6"]
[White "Gleizerov,E"]
[Black "Namgilov,S"]
[Result "1/2-1/2"]
[WhiteElo "2576"]
[BlackElo "2477"]

1.d4 d5 2.c4 c6 3.Nf3 Nf6 4.Nc3 dxc4 5.a4 Bf5 6.e3 e6 7.Bxc4 Bb4 8.O-O Nbd7
9.Nh4 O-O 10.Nxf5 exf5 11.Qc2 g6 12.f3 a5 13.Kh1 Nh5 14.Qf2 Ndf6 15.e4 fxe4
16.Nxe4 Nd5 17.Bg5 Be7 18.Bxe7 Qxe7 19.Bxd5 cxd5 20.Nc3 Qd6 21.Rfe1 Rfe8
22.Re3 Nf6 23.Rae1 Rxe3 24.Rxe3 Qf4 25.g3 Qd6 26.Re5 Re8 27.Qe3 Re6 28.Kg2 Kg7
29.g4 h6 30.h4 Qb6 31.Qd2 Qd6 32.Qe2 Qb6 33.Rxe6 fxe6 34.Nb5 Qc6 35.Qe5 Qc2+
36.Kg3 Qc1 37.Qxe6 Ne4+ 38.fxe4 Qe3+  1/2-1/2

[Event "GP"]
[Site "Izmir TUR"]
[Date "2002.09.02"]
[Round "6"]
[White "Pantsulaia,L"]
[Black "Gagunashvili,M"]
[Result "0-1"]
[WhiteElo "2436"]
[BlackElo "2469"]

1.d4 d5 2.c4 c6 3.Nf3 Nf6 4.Nc3 dxc4 5.a4 Bf5 6.Ne5 Nbd7 7.Nxc4 Qc7 8.g3 e5
9.dxe5 Nxe5 10.Bf4 Nfd7 11.Nxe5 Nxe5 12.Qd4 f6 13.Bg2 a5 14.O-O Rd8 15.Qa7 Bb4
16.Rac1 Qe7 17.Na2 O-O 18.Be3 Rfe8 19.h3 Bd2 20.Rcd1 Nc4 21.Bxd2 Nxd2 22.Rfe1 Bc2
23.Rc1 Bb3 24.Nc3 Qb4 25.e4 Nc4 26.Bf1 Nxb2 27.Qe3 Nc4 28.Bxc4+ Bxc4 29.Red1 Bb3
30.Rxd8 Rxd8 31.Rb1 Rd7 32.e5 fxe5 33.Na2 Qxa4 34.Qxb3+ Qxb3 35.Rxb3 b5 36.Rc3 b4
37.Rxc6 Rd1+ 38.Kg2 b3 39.Nc3 Rc1 40.Rc5 a4 41.Ra5 Rxc3 42.Rxa4 b2 43.Rb4 Rc2
44.Kf3 Kf7 45.Rb6 Ke7 46.Ke4 Re2+ 47.Kf3 Rc2 48.Ke4 Rxf2 49.Kxe5 Kd7 50.Kd5 Kc7
51.Rb3 Rd2+ 52.Kc5 Kd7 53.Rb6 Ke7 54.g4 Kf7 55.Kc4 Rh2 56.Kd5 Rxh3 57.Rxb2 Rg3
58.Ke5 Rxg4 59.Kf5 h5 60.Rb7+ Kg8 61.Ra7 Kh7 62.Ra6 g6+ 63.Kf6 Kh6  0-1

[Event "Kaissa I"]
[Site "Alushta UKR"]
[Date "2002.09.09"]
[Round "12"]
[White "Agamaliev,G"]
[Black "Kalygin,S"]
[Result "1-0"]
[WhiteElo "2489"]
[BlackElo "2468"]

1.d4 d5 2.c4 c6 3.Nf3 Nf6 4.Nc3 dxc4 5.a4 Bf5 6.Ne5 e6 7.f3 Bb4 8.e4 Bxe4
9.fxe4 Nxe4 10.Bd2 Qxd4 11.Nxe4 Qxe4+ 12.Qe2 Bxd2+ 13.Kxd2 Qd5+ 14.Kc2 Na6
15.Nxc4 O-O 16.Qe5 Rab8 17.a5 Rfc8 18.Be2 f6 19.Qe3 Qf5+ 20.Kc1 Nb4 21.Qd2 Rd8
22.Qxb4 Qf4+ 23.Kb1 Qe4+ 24.Ka2 Qxe2 25.Rae1 Qxg2 26.Rhg1 Qd5 27.Rxg7+ Kxg7
28.Qe7+ Kg6 29.Rg1+  1-0

[Event "FSIMA Sept"]
[Site "Budapest HUN"]
[Date "2002.09.15"]
[Round "9"]
[White "Rat,D"]
[Black "Le Dinh Tuan"]
[Result "1/2-1/2"]
[WhiteElo "2345"]
[BlackElo "2361"]

1.d4 d5 2.c4 c6 3.Nf3 Nf6 4.Nc3 dxc4 5.a4 Bf5 6.Nh4 e6 7.Nxf5 exf5 8.e3 Bd6
9.Bxc4 O-O 10.Qf3 g6 11.h3 h5 12.O-O Nbd7 13.Re1 Nb6 14.Bb3 Nbd5 15.Bd2 Re8
16.Rad1 Bc7 17.g3 Qd7 18.Bc2 Re7 19.e4 Nxc3 20.Bxc3 Nxe4 21.Bxe4 fxe4 22.Rxe4 Rxe4
23.Qxe4 Re8 24.Qf3 Qd5 25.Qxd5 cxd5 26.Re1 Rxe1+ 27.Bxe1 Kg7 28.Kg2 Kf6 29.Bd2 Kf5
30.Kf3 Bb6 31.g4+ hxg4+ 32.hxg4+ Ke6 33.Bc3 Bd8 34.Bd2 Bf6 35.Be3 Kd7 36.Ke2 Kc6
37.Kd3 b5 38.b3 Kb6 39.Bd2 bxa4 40.bxa4 Bh4 41.Ke2 Bd8 42.Kd3 Ka6 43.Bb4 Bg5
44.Bc3 Bf4 45.Bb4 Bc7 46.Kc2 Bb6 47.Bc3 Bd8 48.Bb4 Bh4 49.Be1 Kb6 50.Kc3 Kc6
51.Kd3 Kb6 52.Kc3 Kc6 53.Kd3 Kd6 54.Ke2 Ke6 55.Bb4 f5 56.gxf5+ Kxf5 57.Bc5 a6
58.f3 Bg5 59.Bd6 Bf4 60.Ba3 Bc7 61.Bc1 Bf4 62.Ba3 Bh2 63.Kf2 Bc7 64.Bb4 Bb6
65.Bc3 Bd8 66.Bb4 Bh4+ 67.Kg2 g5 68.Bc3 g4 69.Bd2 Bf6 70.Bc3 Bd8 71.Kg3 Bc7+
72.Kg2 Bb8 73.Kf2 Bf4 74.Kg2 Bc1 75.Kg3 Bf4+ 76.Kg2 Kg5 77.Kf2 Kh4 78.Kg2 Be3
79.Bb2 Bd2 80.Ba3 Kg5 81.Kf2 Bc3 82.Bc5 Kf5 83.Bb6 Bb2 84.Kg3 gxf3 85.Kxf3 Bc1
86.Bc5  1/2-1/2

[Event "FSIMC Sept"]
[Site "Budapest HUN"]
[Date "2002.09.17"]
[Round "11"]
[White "Le Kieu Thien Kim"]
[Black "Hanley,C"]
[Result "1/2-1/2"]
[WhiteElo "2256"]
[BlackElo "2331"]

1.d4 Nf6 2.Nf3 d5 3.c4 c6 4.Nc3 dxc4 5.a4 Bf5 6.e3 e6 7.Bxc4 Bb4 8.O-O O-O
9.Nh4 Bg6 10.Nxg6 hxg6 11.Qc2 Nbd7 12.Rd1 Qa5 13.Na2 Bd6 14.h3 Qc7 15.Nc3 Rac8
16.b3 a6 17.Bb2 Rfd8 18.Rac1 Nb6 19.Bf1 Nbd5 20.Ne4 Nxe4 21.Qxe4 Qe7 22.Ba1 Nf6
23.Qb1 e5 24.dxe5 Bxe5 25.Bxe5 Qxe5 26.Rc4 Qe7  1/2-1/2

[Event "1st Masters"]
[Site "Villeurbanne FRA"]
[Date "2002.09.22"]
[Round "2"]
[White "Legky,N"]
[Black "Benitah,Y"]
[Result "1-0"]
[WhiteElo "2498"]
[BlackElo "2341"]

1.d4 d5 2.c4 c6 3.Nf3 Nf6 4.Nc3 dxc4 5.a4 Bf5 6.Nh4 Bg4 7.h3 Bh5 8.g4 Bg6
9.Nxg6 hxg6 10.g5 Nd5 11.e4 Nb4 12.Be3 e5 13.Bxc4 exd4 14.Qb3 Bc5 15.O-O-O Qe7
16.Bxd4 Bxd4 17.Rxd4 O-O 18.e5 c5 19.Rf4 N8c6 20.e6 Qxg5 21.exf7+ Kh7 22.Ne2 Na5
23.Qc3 Rad8 24.Kb1 Qh6 25.Be6 g5 26.Re4 b6 27.h4 Nd5 28.Qf3 g4 29.Qxg4 Nb3
30.Re5 Nd2+ 31.Ka1 Nb4 32.b3 Qf6 33.Qh5+ Qh6 34.Rg1 Rd6 35.Qxh6+ Kxh6 36.Nf4 Rxe6
37.Rh5+  1-0

[Event "1st Masters"]
[Site "Villeurbanne FRA"]
[Date "2002.09.24"]
[Round "4"]
[White "Mensch,E"]
[Black "Benitah,Y"]
[Result "0-1"]
[WhiteElo "2353"]
[BlackElo "2341"]

1.d4 d5 2.c4 c6 3.Nf3 Nf6 4.Nc3 dxc4 5.a4 Bf5 6.Ne5 Na6 7.e3 Nb4 8.Bxc4 e6
9.O-O h6 10.Qe2 Be7 11.Rd1 O-O 12.a5 Bc2 13.Rd2 Bh7 14.Rd1 b5 15.Bb3 a6 16.Bd2 Rc8
17.Na2 Nbd5 18.Bxd5 Nxd5 19.Qe1 Bd6 20.Nb4 c5 21.Nxa6 Bxe5 22.dxe5 Rc6 23.e4 Rxa6
24.exd5 exd5 25.Bf4 d4 26.Qd2 b4 27.Rdc1 Qd5 28.h3 Rfa8 29.Re1 Bf5 30.Qe2 Rxa5
31.Rxa5 Rxa5 32.Qh5 Bg6 33.Qg4 Qe6 34.Qf3 b3 35.Qb7 Ra6 36.Rc1 Bc2 37.Bd2 Qc6
38.Qb8+ Kh7 39.Qf8 Qd5 40.h4 Rg6 41.g3 Qf3 42.Re1 Be4 43.Rxe4 Qxe4 44.Qxc5 Ra6
45.Ba5 Qa8  0-1

[Event "1st Masters"]
[Site "Villeurbanne FRA"]
[Date "2002.09.24"]
[Round "4"]
[White "Legky,N"]
[Black "Ravot,S"]
[Result "1-0"]
[WhiteElo "2498"]
[BlackElo "2198"]

1.d4 d5 2.c4 c6 3.Nf3 Nf6 4.Nc3 dxc4 5.a4 Bf5 6.Nh4 e6 7.Nxf5 exf5 8.Bg5 h6
9.Bxf6 Qxf6 10.e3 Na6 11.Bxc4 Nb4 12.O-O Rd8 13.Qb3 Be7 14.e4 Rxd4 15.e5 Qg6
16.e6 Rxc4 17.Qxc4 fxe6 18.Rad1 Nd5 19.Qb3 b6 20.Nxd5 exd5 21.a5 Bc5 22.Rfe1+ Kd7
23.Qc3 Bd6 24.axb6 axb6 25.b4 Qf7 26.b5 Bc5 27.Qa1 Kd6 28.Qe5+ Kd7 29.Ra1  1-0

[Event "EuYCh B18"]
[Site "Peniscola ESP"]
[Date "2002.09.30"]
[Round "2"]
[White "Werle,J"]
[Black "Redpath,J"]
[Result "1/2-1/2"]
[WhiteElo "2443"]
[BlackElo "2174"]

1.Nf3 c6 2.d4 d5 3.c4 Nf6 4.Nc3 dxc4 5.a4 Bf5 6.e3 e6 7.Bxc4 Bb4 8.O-O O-O
9.Qe2 Nbd7 10.e4 Bg6 11.Bd3 Qa5 12.e5 Nd5 13.Ne4 c5 14.Neg5 cxd4 15.Rd1 Rfc8
16.Bxg6 hxg6 17.Nxd4 Be7 18.Ngf3 a6 19.Bd2 Qb6 20.a5 Qd8 21.g3 Rc7 22.h4 Rac8
23.Kg2 Nb8 24.Rh1 Nc6 25.Nxc6 Rxc6 26.h5 g5 27.h6 g6 28.Rac1 Rxc1 29.Bxc1 g4
30.Nh2 Nb4 31.h7+ Kh8 32.Nxg4 Qxa5 33.Qf3 Qd5 34.Nh6 Qxf3+ 35.Kxf3 Rf8 36.Ke4 Nd5
37.Ng8 f5+ 38.exf6 Nxf6+ 39.Ke5 Nxg8 40.hxg8=Q+ Kxg8 41.Kxe6  1/2-1/2